000 01470cam a2200373 a 4500
001 17638321
003 ARRUPE
005 20140408020010.0
008 130226s2012 enkab b 001 0 eng d
010 _a 2012474292
016 7 _a016131717
_2Uk
020 _a9781780321493 (hbk.)
020 _a1780321481
020 _a9781780321486 (pbk.)
035 _a(OCoLC)ocn798615441
040 _aBTCTA
_beng
_cBTCTA
_dUKMGB
_dYDXCP
_dBWK
_dYNK
_dUAB
_dNDD
_dCDX
_dDLC
042 _alccopycat
043 _af-rh---
050 0 0 _aHD1333.Z55
_bZ58 2012
100 1 _aMatondi, Prosper Bvumiranayi.
_92437
245 1 0 _aZimbabwe's fast track land reform /
_cProsper B. Matondi.
260 _aLondon ;
_aNew York :
_bZed Books,
_cc2012.
300 _axvi, 286 p. :
_bill., map ;
_c24 cm.
490 1 _aAfrica now
504 _aIncludes bibliographical references (p. 265-276) and index.
650 0 _aLand reform
_zZimbabwe
_xHistory.
_92438
830 0 _aAfrica now (Zed Books)
_92439
856 4 2 _3Contributor biographical information
_uhttp://www.loc.gov/catdir/enhancements/fy1310/2012474292-b.html
856 4 2 _3Publisher description
_uhttp://www.loc.gov/catdir/enhancements/fy1310/2012474292-d.html
856 4 1 _3Table of contents only
_uhttp://www.loc.gov/catdir/enhancements/fy1310/2012474292-t.html
906 _a7
_bcbc
_ccopycat
_d1
_encip
_f20
_gy-gencatlg
942 _2lcc
_cMONOGRAPH
_01
999 _c118325
_d118325